Cities with Most French Speakers by Continent - Statistics

General Stats
  • This quiz has been taken 405 times
  • The average score is 4 of 6
Answer Stats
Hint Answer % Correct
Europe Paris
100%
North America Montréal
93%
Africa Kinshasa
82%
South America Cayenne
56%
Asia Beirut
51%
Oceania Nouméa
32%
No matching quizzes found
Score Distribution
Percent of People with Each Score
Percentile by Number Answered
Your Score History
You have not taken this quiz